000 nam a22 7a 4500
999 _c4797
_d4797
005 20190716152731.0
008 190716|20162016my ||||| |||| 00| 0 eng d
040 _aAKMAL
082 _a808.06601 JKDM
090 _a808.06601
_bJKDM
100 _aJKDM
_d15 November 2016
_99147
245 _aPanduan Penulisan Surat Rasmi & Memo
_bJabatan Kastam Diraja Malaysia
260 _aJabatan Kastam Diraja Malaysia
_bBahagian Perancangan Korporat, Cawangan Perhubungan Awam, Putrajaya
_c15 November 2016
264 _aJabatan Kastam Diraja Malaysia
_bBahagian Perancangan Korporat, Cawangan Perhubungan Awam, Putrajaya
_c15 November 2016
300 _a20pg
_c24cm
942 _2ddc
_cBOOK